000 00484nam a22001937a 4500
003 OSt
005 20140310184511.0
008 131016t xxu||||| |||| 00| 0 eng d
020 _a9780439164573
050 _aPZ 7
_b.K84 2001
100 _aKorman, Gordon
245 _aSurvival :
_bIsland /
_cGordon Korman.
260 _aNew York :
_bScholastic Inc.,
_c2001.
300 _a138 p. ;
_c19 cm.
521 _aG4
526 _c600
942 _2lcc
_cBK-SCHOLAS
999 _c34905
_d34905